• 首页
  • 本馆介绍
  • 公告通知
  • 最新文献
  • 馆藏检索
  • 电子资源
  • 读者导购
  • 参考咨询
  • 我的图书馆
  • 登录
  • 详细信息显示
  • 放入我的书架
  • 预约/预借图书
  • 作者相关作品
  • 分类相关作品
  • 丛书相关作品
  • 出版社相关作品

书目信息

  • 表格格式
  • 工作单格式
  • 卡片格式
题名:
龙江寒地农畜产品加工与分析检测技术
    
 
作者: 关海宁 , 刁小琴 编著
分册:  
出版信息: 哈尔滨   黑龙江大学出版社  2019.03
页数: 252页
开本: 24cm
丛书名: 食品科学系列丛书
单 册:
中图分类: S37 , S87
科图分类:
主题词: 农产品加工--nong chan pin jia gong , 农产品--nong chan pin--检测 , 畜产品--xu chan pin--检测
电子资源:
ISBN: 978-7-5686-0301-0
000 01229nam 2200313 450
001 CAL 009734173
005 20230217093111.0
010    @a978-7-5686-0301-0@dCNY48.00
100    @a20191012d2019 em y0chiy0120 ea
101 0  @achi
102    @aCN@b230000
105    @aak a 000yy
106    @ar
200 1  @a龙江寒地农畜产品加工与分析检测技术@Along jiang han di nong xu chan pin jia gong yu fen xi jian ce ji shu@f关海宁, 刁小琴编著
210    @a哈尔滨@c黑龙江大学出版社@d2019.03
215    @a252页@c图@d24cm
225 2  @a食品科学系列丛书@Ashi pin ke xue xi lie cong shu
320    @a有书目 (第246-252页)
330    @a本书分三部分, 第一部分是黑龙江主要农产品稻谷、玉米、大豆、果蔬等的营养及营养物质的检测。第二部分主要是肉制品、蛋制品及乳制品的主要加工产品种类及成分检测。第三部分是寒地农产品副产物如稻壳、玉米须、玉米皮及马铃薯皮等的利用与分析。
410  0 @12001 @a食品科学系列丛书
606 0  @a农产品加工@Anong chan pin jia gong
606 0  @a农产品@Anong chan pin@x检测
606 0  @a畜产品@Axu chan pin@x检测
690    @aS37@v5
690    @aS87@v5
701  0 @a关海宁@Aguan hai ning@4编著
701  0 @a刁小琴@Adiao xiao qin@4编著
801  0 @aCN@bBJXHZP@c20230222
905    @b1394930-3@dS37@e90@f4
    
    龙江寒地农畜产品加工与分析检测技术/关海宁, 刁小琴编著.-哈尔滨:黑龙江大学出版社,2019.03
    252页:图;24cm.-(食品科学系列丛书)
    
    
    ISBN 978-7-5686-0301-0:CNY48.00
    本书分三部分, 第一部分是黑龙江主要农产品稻谷、玉米、大豆、果蔬等的营养及营养物质的检测。第二部分主要是肉制品、蛋制品及乳制品的主要加工产品种类及成分检测。第三部分是寒地农产品副产物如稻壳、玉米须、玉米皮及马铃薯皮等的利用与分析。
●
相关链接 在E读中查询图书 在五车中查询图书 在当当中查询图书 在豆瓣中查询图书


正题名:龙江寒地农畜产品加工与分析检测技术     索取号:S37/90         预约/预借

序号 登录号 条形码 馆藏地/架位号 状态 备注
1 1394930   213949307   第二样本阅览室/ [索取号:S37/90] 在馆    
2 1394931   213949316   第三借阅区/ [索取号:S37/90] 在馆    
3 1394932   213949325   第三借阅区/ [索取号:S37/90] 在馆    
4 1394933   213949334   第三借阅区/ [索取号:S37/90] 在馆    
唐山师范学院图书馆 欢迎您!
大连网信软件有限公司© 版权所有